| Tag |
First Indicator |
Second Indicator |
Subfields |
| LEADER |
00000cam a2200000 4500 |
| 001 |
in00000045659 |
| 005 |
20151007075207.0 |
| 008 |
760217c19581957nyu 00000 eng u |
| 010 |
|
|
|a 57008400
|
| 035 |
|
|
|a (OCoLC)01998200
|
| 035 |
|
|
|9 AAF2797AM
|
| 040 |
|
|
|c TLM
|d TXA
|d UtOrBLW
|
| 049 |
|
|
|a TXAM
|c [289290]
|
| 050 |
|
0 |
|a QC983
|b .B48
|
| 092 |
|
|
|a 551.5
|b B499e
|
| 100 |
1 |
|
|a Bergman, William M.
|
| 245 |
1 |
0 |
|a Experiences with the weather.
|
| 250 |
|
|
|a [1st ed.].
|
| 264 |
|
1 |
|a New York :
|b Vantage Press,
|c [1958]
|
| 264 |
|
4 |
|c [©1957]
|
| 300 |
|
|
|a 371 pages ;
|c 21 cm.
|
| 336 |
|
|
|a text
|b txt
|2 rdacontent
|
| 337 |
|
|
|a unmediated
|b n
|2 rdamedia
|
| 338 |
|
|
|a volume
|b nc
|2 rdacarrier
|
| 651 |
|
0 |
|a United States
|x Climate.
|
| 651 |
|
0 |
|a Delaware
|x Climate.
|
| 999 |
|
|
|a MARS
|
| 999 |
f |
f |
|s fb6a6bba-a65b-30bd-9cf2-12092dd2e05b
|i f900f249-5e70-322a-97f7-1b9190f03091
|t 0
|
| 952 |
f |
f |
|p ric
|a Texas A&M University
|b Rellis Campus
|c Joint Library Facility
|d Remote Storage
|t 0
|e QC983 .B48
|h Library of Congress classification
|i unmediated -- volume
|m A14800953129
|
| 998 |
f |
f |
|a QC983 .B48
|t 0
|l Remote Storage
|